书目信息 |
| 题名: |
英文商务写作教程
|
|
| 作者: | 范红 , 王朝晖 , 廖国强 编 | |
| 分册: | ||
| 出版信息: | 北京 清华大学出版社 2000.12 |
|
| 页数: | 446页 | |
| 开本: | 20cm | |
| 丛书名: | 高校英语选修课系列教材 | |
| 单 册: | ||
| 中图分类: | H315 | |
| 科图分类: | ||
| 主题词: | 英语--商务--写作--高等学校--教材 | |
| 电子资源: | ||
| ISBN: | 7-302-04043-5 | |
| 000 | 01068nam 2200277 450 | |
| 001 | 0134809437 | |
| 005 | 20050819214555.60 | |
| 010 | @a7-302-04043-5@d22.00CNY | |
| 100 | @a20050605d2000 km y0chiy0120 ea | |
| 101 | 0 | @achi@aeng |
| 102 | @aCN@b110000 | |
| 105 | @ay z 000yy | |
| 200 | 1 | @a英文商务写作教程@Aying wen shang wu xie zuo jiao cheng@d= Business English Writing Course@f范红, 王朝晖, 廖国强编@Ffan hong,wang zhao hui,liao guo qiang bian@zeng |
| 210 | @a北京@c清华大学出版社@d2000.12 | |
| 215 | @a446页@d20cm | |
| 225 | 2 | @a高校英语选修课系列教材 |
| 330 | @a本书由“普通商务类”信函与“商务社交类”信函两大部分构成。共包括18个章节。每章由文字叙述、范例分析、常用套语、写作实践、练习答案等主要部分构成。 | |
| 410 | 0 | @12001 @a高校英语选修课系列教材 |
| 510 | 1 | @aBusiness English Writing Course@zeng |
| 606 | 0 | @a英语@x商务@x写作@x高等学校@x教材 |
| 690 | @aH315@v4 | |
| 701 | 0 | @a范红@Afan hong@4编 |
| 701 | 0 | @a王朝晖@Awang zhao hui@4编 |
| 701 | 0 | @a廖国强@Aliao guo qiang@4编 |
| 801 | 0 | @aCN@bQSSK@c20050819 |
| 905 | @a10447@dH315@eF112 | |
| 英文商务写作教程= Business English Writing Course/范红, 王朝晖, 廖国强编.-北京:清华大学出版社,2000.12 |
| 446页;20cm.-(高校英语选修课系列教材) |
| ISBN 7-302-04043-5:22.00CNY |
| 本书由“普通商务类”信函与“商务社交类”信函两大部分构成。共包括18个章节。每章由文字叙述、范例分析、常用套语、写作实践、练习答案等主要部分构成。 |
| ● |
| 相关链接 |
|
|
|
正题名:英文商务写作教程
索取号:H315/F112
 
预约/预借
| 序号 | 登录号 | 条形码 | 馆藏地/架位号 | 状态 | 备注 |
| 1 | 563501 | 205635017 | 语言库209/209语言库 6排1列4层/ [索取号:H315/F112] | 在馆 | |
| 2 | 563502 | 205635026 | 语言库209/209语言库 6排1列4层/ [索取号:H315/F112] | 在馆 | |
| 3 | 563503 | 205635035 | 语言库209/209语言库 6排1列4层/ [索取号:H315/F112] | 在馆 |